6. A Grave Mistake - Ice Nine Kills (Lyrics) - Statistics

General Stats
  • This quiz has been taken 28 times
  • The average score is 110 of 234
Answer Stats
Answer % Correct
a
94%
Here
94%
lies
94%
and
88%
bride
81%
death
81%
do
81%
far
81%
groom
81%
lifeless
81%
part
81%
soon
81%
'Til
81%
too
81%
us
81%
and
75%
and
75%
came
75%
I
75%
the
75%
All
69%
around
69%
around
69%
Buildings
69%
burn
69%
die
69%
go
69%
heard
69%
of
69%
people
69%
reap
69%
So
69%
sow
69%
that
69%
the
69%
time
69%
we
69%
what
69%
you
69%
you
69%
A
63%
And
63%
and
63%
But
63%
can't
63%
face
63%
know
63%
life
63%
man
63%
meet
63%
my
63%
or
63%
save
63%
save
63%
see
63%
soul
63%
stole
63%
the
63%
the
63%
when
63%
When
63%
whose
63%
you
63%
You
63%
you
63%
you
63%
you'll
63%
your
63%
yourself
63%
bones
56%
broken
56%
can't
56%
crow
56%
fallen,
56%
flies
56%
flight
56%
for
56%
save
56%
weathered
56%
wings
56%
With
56%
You
56%
yourself
56%
A
50%
and
50%
the
50%
the
50%
the
50%
believing
44%
bones
44%
broken
44%
can't
44%
crow
44%
fallen,
44%
farewell
44%
flies
44%
flight
44%
for
44%
for
44%
from
44%
ghosts
44%
heard
44%
here's
44%
in
44%
just
44%
life
44%
man
44%
me
44%
meet
44%
misery
44%
or
44%
reap
44%
save
44%
save
44%
So
44%
soul
44%
sow
44%
stole
44%
that
44%
to
44%
took
44%
weathered
44%
what
44%
what
44%
When
44%
whose
44%
wings
44%
With
44%
you
44%
you
44%
you
44%
You
44%
you
44%
you
44%
your
44%
yourself
44%
A
38%
and
38%
face
38%
forgiveness,
38%
know
38%
love,
38%
my
38%
No
38%
Payback
38%
Rage,
38%
sanity
38%
scorn,
38%
see
38%
the
38%
the
38%
the
38%
These
38%
trapped
38%
underneath
38%
vengeful
38%
when
38%
you
38%
you'll
38%
bones
31%
broken
31%
can't
31%
can't
31%
can't
31%
crow
31%
escape
31%
fallen,
31%
flies
31%
flight
31%
For
31%
For
31%
for
31%
grave
31%
grave
31%
heaven
31%
hell
31%
Hope,
31%
in
31%
in
31%
I've
31%
life
31%
made
31%
man
31%
match
31%
meet
31%
mistake
31%
mistake
31%
no
31%
Now
31%
or
31%
pieces
31%
save
31%
save
31%
save
31%
save
31%
sent
31%
soul
31%
stole
31%
straight
31%
thoughts
31%
to
31%
weathered
31%
When
31%
whose
31%
wings
31%
With
31%
You
31%
You
31%
you
31%
you
31%
You
31%
You
31%
your
31%
your
31%
your
31%
yourself
31%
yourself
31%
yourself
31%
can't
25%
forgiveness,
25%
May
25%
No
25%
No,
25%
rest
25%
save
25%
you
25%
you
25%
yourself
25%
For
19%
grave
19%
mistake
19%
the
19%
your
19%
From
6%
No matching quizzes found
Score Distribution
Percent of People with Each Score
Percentile by Number Answered
Your Score History
You have not taken this quiz